| 000 | 00886cam a2200229 i 4500 | ||
|---|---|---|---|
| 003 | SA-RiAUC | ||
| 005 | 20250529062835.0 | ||
| 008 | 250526s1981 ua g 00000 ara c | ||
| 040 |
_aSA-RiKSU _bara _cSA-RiAUC _erda |
||
| 082 | 0 | 4 | _a213 |
| 090 |
_a213 _b ج ي و |
||
| 100 | 1 |
_aالجيوشي، محمد إبراهيم _eمؤلف. |
|
| 245 | 1 | 0 |
_aمسار الدعوة في العهد المكي / _cمحمد إبراهيم الجيوشي. |
| 264 | 1 |
_aأسيوط، مصر : _bجامعة الأزهر، كلية أصول الدين، _c1981 |
|
| 300 |
_aأ-د، 220 صفحة؛ _c24 سم. |
||
| 336 |
_aنص _btxt _2rdacontent _3كتاب |
||
| 337 |
_aبدون وسيط _bn _2rdamedia |
||
| 338 |
_aمجلد _bnc _2rdacarrier |
||
| 650 | 7 |
_aالدعوة الإسلامية _yعصر صدر الإسلام _2aucsh |
|
| 942 |
_2ddc _cBOOK _n0 |
||
| 949 |
_aSA-JeALM _d250526 _umohamedma123 _n1 |
||
| 999 |
_c8460 _d8460 |
||